000 01125nam a2200289 a 4500
001 000013772
003 DO-SdBNP
005 20250320105414.0
008 091130s1997 dr ad 001 0 spa d
040 _aDO-SdBNP
_bspa
_cBNPHU
049 _aBNPD
082 _a333.72
_bN638c
100 1 _aNicolás, Fañas
_931258
245 1 0 _aContaminación ambiental en República Dominicana /
_cPeñas Nicolás ; prólogo Nicolás de Jesús Cardenal Lopez Rodríguez.
260 _aSanto Domingo :
_bG. H. E. N.,
_c1997.
300 _a191 p. :
_bil., gráf, ;
_c22 cm.
_ediskette
500 _aIncluye notas al pie de las páginas
500 _aIncluye un diskette.
500 _aIncluye datos biográficos del autor en al contracubierta
504 _aIncluye bibliografía (p. 189 -191)
650 0 _aConservación de los recursos naturales
_xConservación
_91562
_2LEMB
650 4 _aContaminación
_910807
650 0 _aPoblación
_94333
700 1 _a López Rodríguez, Nicolás de Jesús,
_d1936-
_cCardenal
_epról.
_9670
710 1 _aGrupo Hidro Ecológico Nacional ( República Dominicana )
_931260
942 _2ddc
_cLBS1
999 _c13384
_d13384